000 00974nam0a22002651 4500
001 v19\rc\1706646
005 20260407023842.0
035 _a(NLR Aleph) 004807412
090 _a4892542
_c4892542
100 _a20061002d1899 |||y0rusy50 ca
101 0 _arus
102 _aRU
105 _ae z |||||
200 1 _aВсемирная художественная, промышленная и земледельческая выставка 1900 года в Париже
_eРусский отд.
_eС прил. пл. Выставки
205 _a(Неофиц. изд.)
210 _aСанкт-Петербург
_d1899
215 _a39 с., 1 л. план.
_d18
710 1 2 _aВсемирная выставка
_f1900
_eПариж
_bРусский отдел
_3RU\NLR\AUTH\8810009370
_9516467
801 0 _aRU
_bNLR
_gpsbo
801 0 _aRU
_bRuMoRGB
_2psbo
801 1 _aRU
_bProSoft-M
_2rusmarc
852 _aNLR
_j20.60.3.314
899 _aБАН
942 _cBOOK
980 _aNB